Telesecundaria : guías de estudio. Tercer grado. Ciencias sociales.

محفوظ في:
التفاصيل البيبلوغرافية
مؤلف مشترك: México. Secretaría de Educación Pública. Unidad de Telesecundaria
مؤلفون آخرون: Ríos Pineda, Leonardo ; coord (autor) coord, (autor)
التنسيق: كتاب
اللغة:الإسبانية
الموضوعات:
الوسوم: إضافة وسم
لا توجد وسوم, كن أول من يضع وسما على هذه التسجيلة!

MARC

LEADER 00000nam^a2200000^u^4500
001 000500518
005 20250521000000.0
008 080111s1000^^^^^^^^^^^^r^^^^^000^0^spa^d
009 20260310125743.722
022 |a 9682909376 
035 |a FCE 000044687 
037 |a Acervo ITESO - Biblioteca 
041 |a spa 
082 0 4 |a 373.972  |b MEXt GUI-EST C.S. 3-86 
110 |a México. Secretaría de Educación Pública. Unidad de Telesecundaria 
245 1 0 |a Telesecundaria :  |b guías de estudio. Tercer grado. Ciencias sociales. 
264 |a México :  |b SEP,  |c 1986. 
300 |a 602 p. 
336 |a texto  |b txt  |2 rdacontenido 
337 |a sin mediación  |b n  |2 rdamedio 
338 |a volumen  |b nc  |2 rdasoporte 
649 |a XX 
650 |a Ciencias sociales 
650 |a Guía de estudio 
650 |a Telesecundaria 
650 |a Libros de texto 
700 |a Ríos Pineda, Leonardo ;  |e coord  |e (autor) 
910 |a Fondo Centro de Estudios Educativos 
920 |a Impresos - Libros 
930 |a Fondos Especiales 
905 |a 133 
901 |a ALE051807  |b IT2  |c CEE  |u 20250521 
902 |a https://opac.biblio.iteso.mx/vufind/Record/000500518